[Event "Chennai WinTV op 1st"]
[Site "Chennai"]
[Date "2004.01.31"]
[Round "12"]
[White "Arun, Hariharan CR"]
[Black "Paramasivam, M."]
[Result "1/2-1/2"]
[WhiteElo "2025"]
[BlackElo "2134"]
[PlyCount "72"]
[EventDate "2004.01.21"]
[EventType "swiss"]
[EventRounds "13"]
[EventCountry "IND"]
[SourceTitle "CBM 098 Extra"]
[Source "ChessBase"]
[SourceDate "2004.03.10"]
[SourceVersion "2"]
[SourceVersionDate "2004.03.10"]
[SourceQuality "1"]

1. d4 Nf6 2. c4 g6 3. Nc3 Bg7 4. g3 d6 5. Bg2 0-0 6. Nf3 Nbd7 7. 0-0 e5 8. e4 c6 9. h3 exd4 10. Nxd4 Qb6 11. Nde2 Qc7 12. Be3 Re8 13. Rc1 Nc5 14. Qc2 a5 15. Rcd1 Qe7 16. Bxc5 dxc5 17. Rfe1 Be6 18. b3 Rad8 19. Nf4 Bc8 20. Nfe2 Nd7 21. f4 Nf8 22. Rxd8 Rxd8 23. Rd1 Ne6 24. e5 f6 25. exf6 Bxf6 26. Ne4 Bg7 27. Rxd8+ Qxd8 28. Kh2 Nd4 29. Nxd4 cxd4 30. Qd2 h5 31. Ng5 Bf5 32. Be4 Bxe4 33. Nxe4 h4 34. gxh4 b6 35. Kg2 Qe7 36. Qd3 Qa3 1/2-1/2

[Event "Chennai WinTV op 1st"]
[Site "Chennai"]
[Date "2004.01.29"]
[Round "10"]
[White "Arun, Hariharan CR"]
[Black "Swati, Mohota"]
[Result "1/2-1/2"]
[WhiteElo "2025"]
[BlackElo "2121"]
[PlyCount "52"]
[EventDate "2004.01.21"]
[EventType "swiss"]
[EventRounds "13"]
[EventCountry "IND"]
[SourceTitle "CBM 098 Extra"]
[Source "ChessBase"]
[SourceDate "2004.03.10"]
[SourceVersion "2"]
[SourceVersionDate "2004.03.10"]
[SourceQuality "1"]

1. d4 d5 2. c4 c6 3. Nf3 Nf6 4. e3 Bf5 5. Bd3 Bxd3 6. Qxd3 e6 7. 0-0 Bd6 8. Nbd2 0-0 9. e4 dxe4 10. Nxe4 Nxe4 11. Qxe4 Nd7 12. Bg5 Be7 13. Bf4 Nf6 14. Qe2 Re8 15. Rfd1 Qa5 16. h3 Rad8 17. a3 c5 18. b4 cxb4 19. axb4 Qf5 20. Bh2 a6 21. Rdb1 Qe4 22. Qe3 Qc2 23. Qb3 Qxb3 24. Rxb3 Ne4 25. b5 Bf6 26. bxa6 bxa6 1/2-1/2